000 02044nam2a2200445 4500
001 RU\NLR\b_ik\187501
005 20260408195501.0
010 _a978-5-396-00042-1
035 _a(NLR Aleph) 002260000
090 _a3806090
_c3806090
100 _a20101206d2010 u y0rusy50 ca
101 0 _aspa
102 _aRU
105 _aa |||||||||
200 1 _aTeoria de numeros. Álgebra general. Combinatoria. Teoría de Pólya. Teoría de grafos. Emparejamientos. Matroides
_f[trad. del ruso por Carlos Daniel Navarro Hernández [et al.]
210 _aMoscú
_cURSS
_cKRASAND
_dcop. 2010
215 _a285 с.
_cил.
320 _aУказ.: с. 277-281
461 0 _1001RU\NLR\b_ik\110283
_12001#$aCurso de matemáticas superiores$eLibro de texto para centros univ.$fM.L. Krasnov, A.I. Kiseliov, G.I. Makárenko et al.$gTrad. del ruso por el dr en ciencias fís.-mat. Jairo Correa Rodríguez$v11$90
_92821654
_cM.
_d2003
_e[Nueva ed., mod. y ampl.]
_fM.L. Krasnov, A.I. Kiseliov, G.I. Makárenko et al.
_nURSS
_oLibro de texto para centros univ.
_tCurso de matemáticas superiores
_y5-354-00454-3
_v11$90
517 0 _aÁlgebra general
517 0 _aCombinatoria
517 0 _aTeoría de Pólya
517 0 _aTeoría de grafos
517 0 _aEmparejamientos
517 0 _aMatroides
606 1 _aЧисел теория
_92088565
_3RU\NLR\AUTH\661264368
606 1 _aАлгебра
_9922117
_3RU\NLR\AUTH\6619328
606 1 _aКомбинаторика
_9936291
_3RU\NLR\AUTH\6627045
606 1 _aГрафов теория
_92181499
_3RU\NLR\AUTH\661311836
606 _aМатроиды (мат.)
_3RU\NLR\AUTH\6628147
_9938473
606 _aПоля (мат.)
_xТеория
_3RU\NLR\AUTH\661396828
_92336398
686 1 _aВ141
686 1 _aВ152
686 1 _aВ151.3
686 1 _aВ182.1
801 0 _aRU
_bNLR
_c20101206
_gRCR
830 _aТеория чисел. Алгебра. Комбинаторика. Теория поля. Теория графов. Матроиды.
942 _cBOOK
980 _aNB